Sports Quiz

Random Sports or MLB Quiz
Score 0/48 Timer 08:00
3 Plays Today
WS as Player Individual % Correct
1977-1978, 1981 LADDusty Baker
71.3%
1984 SDPBruce Bochy
70.8%
1947, 1949-53,
1955-58, 1960-63 NYY
Yogi Berra
69.1%
1996, 1998-1999 NYYJoe Girardi
68.6%
1951-1953, 1955-56 NYYBilly Martin
66.4%
1966, 1969-1971 BALDavey Johnson
63.8%
1961 CINDarrell Johnson
63.4%
1953 BRODick Williams
58%
1999 ATLOzzie Guillen
56.3%
1982 MIL Ned Yost
56.3%
2007 BOSAlex Cora
55.9%
1981, 1988 LADMike Scioscia
55.5%
1916 BRO
1922-1923 NYY
Casey Stengel
55.3%
2004 STLMike Matheny
55.1%
1976-1978, 1981 NYYLou Piniella
47.3%
1980 KCRClint Hurdle
40.9%
1947, 1949, 1952-53
1955-56, 1959 BRO/LAD
Gil Hodges
40.8%
1926 STL
1929 CHC
Rogers Hornsby
35.5%
1948, 1954 CLEBob Lemon
35.3%
1948 CLELou Boudreau
34.9%
1955-56, 1959 BRO/LAD
1964 STL
Roger Craig
31.6%
1906-08, 1910 CHCFrank Chance
31.3%
1979 PITPhil Garner
30.9%
1947, 1952 NYYRalph Houk
30%
WS as Player Individual % Correct
1928 NYY
1934 STL
Leo Durocher
29.4%
1912, 1915 BOS
1920 CLE
Tris Speaker
26.4%
1948 BSN
1951, 1954 NYG
Al Dark
25%
1946 STL
1957-1958 MLN
Red Schoendienst
24.6%
1906 CHWFielder Jones
24.5%
1962 SFGHarvey Kuenn
24.4%
1921-24 NYG
1928,1930-31,1934 STL
Frankie Frisch
20.1%
1949-53, 1955-58 NYY Hank Bauer
19.8%
1929, 1932, 1935, 1938 CHCGabby Hartnett
17.7%
1929-1931 PHA
1934-1935 DET
Mickey Cochrane
17.7%
1903 BOS Jimmy Collins
16.7%
1924,1933,1936 NYGBill Terry
16.2%
1924-1925 WSHBucky Harris
14.5%
1933 WSH Joe Cronin
14%
1903, 1909 PITFred Clarke
13.1%
1940 DETFred Hutchinson
10%
1924 NYG
1926 STL
Billy Southworth
7.6%
1929, 1932 CHCCharlie Grimm
6.8%
1912, 1915-1916 BOSBill Carrigan
5%
1912 BOSJake Stahl
4.8%
1920 CLESteve O'Neill
4.7%
1909 DET Donie Bush
4.6%
1906-1907 CHCPat Moran
4.4%
1933 WSHLuke Sewell
4.2%

You're not logged in!

Compare scores with friends on all Sporcle quizzes.
OR
Log In

Sporcle TV

Today on Sporcle TV


Watch our educational content, quiz creation guides, and fun videos on Sporcle TV.

Show Comments

Extras

Top Quizzes Today


Score Distribution

Paid Content

Your Account Isn't Verified!

In order to create a playlist on Sporcle, you need to verify the email address you used during registration. Go to your Sporcle Settings to finish the process.

Report this User

Report this user for behavior that violates our Community Guidelines.

Details: